00646nam a2200229 i 4500001001100000003000500011005001700016008004100033020001500074040002500089082001600114100003200130245002400162264006600186300002300252336002100275337002500296338002300321490002100344650003000365830002100395C2-0126275PPAK20180727115438.0970913s1995 my |||| ||||| | may d a9679412989 aPPAKbengcPPAKerda04a899.2332230 aAb. Halim Mahmood, eauthor10aHidup mesti berbudi 1aPetaling Jaya, Selangor : bOscar Book International , c1995 a28 pages ; c25 cm 2rdacontentatext 2rdamediaaunmediated 2rdacarrieravolume1 aSiri asas akhlak10aChildren's stories, Malay 0aSiri asas akhlak